Nghiên cứu các chủng vi khuẩn bacillus có khả năng phân giải hợp chất hữu cơ nhằm ứng dụng trong xử lý nước thải từ Khu Công nghiệp dịch vụ thuỷ sản Thọ Quang - thành phố Đà Nẵng
Tallennettuna:
| Päätekijä: | |
|---|---|
| Aineistotyyppi: | Kirja |
| Julkaistu: |
2014
|
| Tagit: |
Lisää tagi
Ei tageja, Lisää ensimmäinen tagi!
|
| Thư viện lưu trữ: | Mạng thư viện Đại học Đà Nẵng |
|---|
| LEADER | 00904nam a2200229 4500 | ||
|---|---|---|---|
| 001 | 000021134 | ||
| 003 | 17581 | ||
| 005 | 20150406140418.0 | ||
| 008 | 150406s2014 sd | ||
| 100 | 1 | |a Nguyễn Thị Lan Phương |c Th.S |e Chủ nhiệm đề tài | |
| 245 | 1 | 0 | |a Nghiên cứu các chủng vi khuẩn bacillus có khả năng phân giải hợp chất hữu cơ nhằm ứng dụng trong xử lý nước thải từ Khu Công nghiệp dịch vụ thuỷ sản Thọ Quang - thành phố Đà Nẵng |c Nguyễn Thị Lan Phương |
| 260 | |c 2014 | ||
| 500 | |a Đề tài NCKH cấp Đại học Đà Nẵng . Mã số : Đ 2014-03-65 | ||
| OWN | |a LSP | ||
| 999 | |a From the UDN01 | ||
| TYP | |a Mixed Materials | ||
| TYP | |a Monograph | ||
| TYP | |a Printed language | ||
| 980 | |a Mạng thư viện Đại học Đà Nẵng | ||